The Wild Land

שמור ב:
מידע ביבליוגרפי
מחבר ראשי: Ehle, John
פורמט: ספר
שפה:Undetermined
יצא לאור: New York, Estados Unidos Bantam Books 1966
נושאים:
תגים: הוספת תג
אין תגיות, היה/י הראשונ/ה לתייג את הרשומה!

MARC

LEADER 00000nam a2200000Ia 4500
008 170316s9999 xx 000 0 und d
090 |a 810 E-5w 
100 |a Ehle, John 
245 4 |a The Wild Land 
260 |a New York, Estados Unidos 
260 |b Bantam Books 
260 |c 1966 
300 |a 122 páginas 
650 |a LITERATURA ESTADOUNIDENSE 
999 |c 20974  |d 20974 
040 |a cru BVZT 
942 |c 15 D  |h 810 E-5w  |2 z